Slučajnyje processy dľa rešenija klassičeskich uravnenij matematičskoj fiziki

Na minha lista:
Detalhes bibliográficos
Main Authors: Jermakov, Sergej Michajlovič (Author), Nekrutkin, V.V (Author), Sipin, A.S (Author)
Formato: Livro
Idioma:russo
Publicado em: Moskva : Nauka, 1984
Edição:1. vyd.
Tags: Adicionar Tag
Sem tags, seja o primeiro a adicionar uma tag!

MARC

LEADER 00000nam a22000003a 4500
001 stu123701
005 20150617225902.2
008 060720s1984----xxr-----------------rus-d
040 |a STU  |b slo 
041 0 |a rus 
044 |a xxr 
080 |a 530.1  |7 stu_us_auth*stu144 
080 |a 519.2 
100 1 |a Jermakov, Sergej Michajlovič  |4 aut 
245 1 |a Slučajnyje processy dľa rešenija klassičeskich uravnenij matematičskoj fiziki 
250 |a 1. vyd. 
260 |a Moskva :  |b Nauka,  |c 1984 
300 |a 204 s 
700 1 |a Nekrutkin, V.V.  |4 aut 
700 1 |a Sipin, A.S.  |4 aut 
996 |b E57414  |c E*57414  |l EE03  |s P  |a 0  |w stu123701_0002